000 00472cam a22002051 4500
001 sa 66003304
003 DLC
005 20260227112234.0
008 881102s1965 xx 000 0 hino
010 _asa 66003304
035 _a(OCoLC)23558766
040 _aDLC
_cMiU
_dDLC
042 _apremarc
050 0 0 _aPK2098.O5
_bP3
100 0 _aOnkarnath Dinkar,
_d1912-
245 1 0 _aPatavāra.
260 _c[1965]
300 _a169 p.
_c19 cm.
500 _aRomanized.
999 _c68794
_d68794